|
|
|
|
| LEADER |
00997pam a22002538a 4500 |
| 001 |
00023066 |
| 005 |
20171026081022.0 |
| 008 |
110609s1976 ||||||Viesd |
| 041 |
0 |
# |
|a Vie
|
| 082 |
1 |
4 |
|a 959.702
|b L302S
|
| 100 |
0 |
# |
|a Trương Hữu Quýnh
|
| 245 |
0 |
0 |
|a Lịch sử Việt Nam (Thế kỷ VII - 1427)
|c Trương Hữu Quýnh, Nguyễn Đức Nghinh
|n Quyển 1 tập 2
|
| 260 |
# |
# |
|a H.
|b Giáo dục
|c 1976
|
| 300 |
# |
# |
|a 311 tr.
|c 20 cm.
|
| 500 |
# |
# |
|a ĐTTS: Sách ĐHSP
|
| 653 |
# |
# |
|a Lịch sử Việt Nam
|
| 653 |
# |
# |
|a Lịch sử cận đại
|
| 700 |
0 |
# |
|a Nguyễn Đức Nghinh
|
| 852 |
# |
# |
|b Kho giáo trình
|j KGT.0025874, KGT.0025875, KGT.0025876, KGT.0025877
|
| 852 |
# |
# |
|b Kho mượn
|j KGT.0025874
|
| 852 |
# |
# |
|b Kho đọc
|j KD.0009862
|
| 852 |
# |
# |
|j KGT.0025874
|j KGT.0025877
|j KD.0009862
|j KGT.0025875
|j KGT.0025876
|
| 910 |
0 |
# |
|a ngọc
|d 09/06/2011
|
| 980 |
# |
# |
|a Trung tâm Học liệu Lê Vũ Hùng, Trường Đại học Đồng Tháp
|